The theory of hydrodynamic stability / (Record no. 52208)
[ view plain ]
| 000 -LEADER | |
|---|---|
| fixed length control field | 00884nam a2200277 a 4500 |
| 001 - CONTROL NUMBER | |
| control field | 52208 |
| 003 - CONTROL NUMBER IDENTIFIER | |
| rucl marc code | BD-RjUL |
| 005 - DATE AND TIME OF LATEST TRANSACTION | |
| control field | 20211209075752.0 |
| 008 - FIXED-LENGTH DATA ELEMENTS--GENERAL INFORMATION | |
| fixed length control field | 160906s1955 enka 001 0 eng |
| 035 ## - SYSTEM CONTROL NUMBER | |
| System control number | (BD-RjUL)52328 |
| 040 ## - CATALOGING SOURCE | |
| Original cataloging agency | DLC |
| Transcribing agency | FMU |
| Modifying agency | OCoLC |
| -- | Uk |
| -- | BD-RjUL |
| Language of cataloging | eng |
| 041 ## - LANGUAGE CODE | |
| Language code of text/sound track or separate title | eng |
| 082 ## - DEWEY DECIMAL CLASSIFICATION NUMBER | |
| Edition number | 23 |
| Classification number | 532.5 |
| Author mark and year | LIT 1955 |
| 100 10 - MAIN ENTRY--PERSONAL NAME | |
| Personal name | Lin, C.C. |
| Dates associated with a name | 1916- |
| 9 (RLIN) | 156167 |
| 245 14 - TITLE STATEMENT | |
| Title | The theory of hydrodynamic stability / |
| Statement of responsibility, etc. | C.C. Lin |
| 260 ## - PUBLICATION, DISTRIBUTION, ETC. (IMPRINT) | |
| Place of publication, distribution, etc. | Cambridge : |
| Name of publisher, distributor, etc. | University Press, |
| Date of publication, distribution, etc. | 1955 [Reprinted 1967] |
| 300 ## - PHYSICAL DESCRIPTION | |
| Pagination | xi, 155 p. : |
| Illustrations | ill. ; |
| Size | 22 cm. |
| 500 ## - GENERAL NOTE | |
| General note | Include index |
| 650 #0 - SUBJECT ADDED ENTRY--TOPICAL TERM | |
| Topical term or geographic name as entry element | Hydrodynamics. |
| 9 (RLIN) | 156168 |
| Topical term or geographic name as entry element | Stability. |
| 9 (RLIN) | 155910 |
| 856 ## - ELECTRONIC LOCATION AND ACCESS | |
| Materials specified | Cambridge monographs on mechanics and applied mathematics |
| 942 ## - ADDED ENTRY ELEMENTS (KOHA) | |
| Source of classification or shelving scheme | Dewey Decimal Classification |
| Koha item type | Books |
| Lost status | Source of classification or shelving scheme | Damaged status | Not for loan | Collection code | Permanent Location | Current Location | Shelving location | Date acquired | Source of acquisition | Total Checkouts | Full call number | Date last seen | Copy number | Koha item type | Cost, normal purchase price |
|---|---|---|---|---|---|---|---|---|---|---|---|---|---|---|---|
| Dewey Decimal Classification | Non-fiction | Central Library, University of Rajshahi | Central Library, University of Rajshahi | 04/06/1976 | Zeitlinger | 532.5 LIT 1955 | 06/09/2016 | C-2 | Books | ||||||
| Dewey Decimal Classification | Not For Loan | Non-fiction | Central Library, University of Rajshahi | Central Library, University of Rajshahi | Reading Room | 21/10/1964 | Zeitlinger | 532.5 LIT 1967 | 07/05/2017 | C-1 | Books | 42.00 |